00478nam a2200145Ia 45000010005000000080041000050200022000460820021000681000049000892450115001382600027002535900007002809010028002879990017003153893241024s9999 xx 000 0 und d a978-84-7666-666-1 a370.1/OE28m/2013 aOrganización de Estados Iberamericanos OEI 0a2013 Miradas sobre la educación en Iberoamérica. Desarrollo profesional docente y mejora de la educación bMadrid, Españac2013 asi a28/1/2015 10:49:16 a.m. c11093d11093